El pájaro espectador /
Joe Allston is a retired literary agent who is, in his own words, "just killing time until time gets around to killing me." His parents and his only son are long dead, leaving him with neither ancestors nor descendants, tradition nor ties. His job, trafficking the talent of others, had not...
Đã lưu trong:
| Tác giả chính: | |
|---|---|
| Tác giả khác: | |
| Định dạng: | Điện tử eBook |
| Ngôn ngữ: | Tiếng Tây Ban Nha Tiếng Anh |
| Được phát hành: |
Barcelona, España :
Libros del Asteroide S.L.U.,
[2012]
|
| Loạt: | Libros del Asteroide ;
72. |
| Những chủ đề: | |
| Truy cập trực tuyến: | Digitalia Hispánica |
| Các nhãn: |
Thêm thẻ
Không có thẻ, Là người đầu tiên thẻ bản ghi này!
|
MARC
| LEADER | 00000nam a2200000Ii 4500 | ||
|---|---|---|---|
| 001 | DIGLIBASTRD0015 | ||
| 003 | NyNyDIG | ||
| 007 | cr ||||||||||| | ||
| 008 | 180630s2012 sp o 000 f spa d | ||
| 006 | m o d | ||
| 035 | |a (OCoLC)1042320461 | ||
| 040 | |a DGITA |b eng |e rda |e pn |c DGITA | ||
| 020 | |a 9788415625155 |q (eBook ; |q ePub) | ||
| 020 | |a 8415625154 |q (eBook ; |q ePub) | ||
| 020 | |z 9788492663286 | ||
| 020 | |z 8492663286 | ||
| 041 | 1 | |a spa |h eng | |
| 043 | |a e-dk--- | ||
| 050 | 1 | 4 | |a PS3537.T316 ebook |
| 082 | 0 | 4 | |a 813.52 |
| 100 | 1 | |a Stegner, Wallace, |d 1909-1993, |e author. | |
| 240 | 1 | 0 | |a Spectator bird. |l Spanish |s (González Corugedo) |
| 245 | 1 | 3 | |a El pájaro espectador / |c Wallace Stegner ; traducción de Fernando González. |
| 264 | 1 | |a Barcelona, España : |b Libros del Asteroide S.L.U., |c [2012] | |
| 300 | |a 1 online resource. | ||
| 336 | |a text |b txt |2 rdacontent | ||
| 337 | |a computer |b c |2 rdamedia | ||
| 338 | |a online resource |b cr |2 rdacarrier | ||
| 490 | 1 | |a Libros del Asteroide | |
| 520 | |a Joe Allston is a retired literary agent who is, in his own words, "just killing time until time gets around to killing me." His parents and his only son are long dead, leaving him with neither ancestors nor descendants, tradition nor ties. His job, trafficking the talent of others, had not been his choice. He passes through life as a spectator. A postcard from a friend causes Allston to return to the journals of a trip he had taken years before, a journey to his mother's birth-place where he'd sought a link with the past. The memories of that trip, both grotesque and poignant, move through layers of time and meaning, and reveal that Joe Allston isn't quite spectator enough. | ||
| 588 | 0 | |a Online resource; title from ePub title page (Digitalia, viewed July 3, 2018) | |
| 650 | 0 | |a Older men |v Fiction. | |
| 650 | 0 | |a Diaries |v Fiction. | |
| 650 | 0 | |a Americans |z Denmark |v Fiction. | |
| 650 | 0 | |a Danish Americans |v Fiction. | |
| 650 | 0 | |a Married people |v Fiction. | |
| 650 | 0 | |a Marriage |v Fiction. | |
| 651 | 0 | |a Denmark |v Fiction. | |
| 655 | 0 | |a Electronic books. | |
| 655 | 7 | |a Domestic fiction. |2 lcgft | |
| 655 | 7 | |a Psychological fiction. |2 lcgft | |
| 700 | 1 | |a González Corugedo, Fernando, |e translator. | |
| 700 | 1 | |i Translation of: |a Stegner, Wallace, |d 1909-1993. |t Spectator bird. | |
| 791 | 2 | |a Digitalia (Firm), |e distributor. | |
| 793 | 0 | |g Digitalia eBook Collection: |a Libros del Asteroide | |
| 776 | 0 | 8 | |i Print version: |a Stegner, Wallace, 1909-1993. |s Spectator bird. Spanish (González Corugedo) |t Pájaro espectador. |b Primera edición en Libros del Asteroide. |d Barcelona : Libros del Asteroide, 2010 |z 9788492663286 |w (OCoLC)724664752 |
| 830 | 0 | |a Libros del Asteroide ; |v 72. | |
| 856 | 4 | 0 | |3 Digitalia Hispánica |u https://digitalia.unach.elogim.com/a/33340/ |
| 910 | |a Premium collection: 2018 | ||